[Event "PRO League Group Stage"]
[Site "chess.com INT"]
[Date "2017.02.15"]
[Round "6"]
[White "Tristan, Leonardo"]
[Black "Bartell, Thomas"]
[Result "1/2-1/2"]
[WhiteTitle "IM"]
[BlackTitle "IM"]
[WhiteElo "2458"]
[BlackElo "2345"]
[WhiteTeam "Buenos Aires Krakens"]
[BlackTeam "Philadelphia Inventors"]
[WhiteFideId "113816"]
[BlackFideId "2017849"]
[EventDate "2017.01.11"]

1. d4 d5 2. Bf4 Nf6 3. e3 c5 4. c3 Nc6 5. Nd2 cxd4 6. exd4 Bf5 7. Qb3 Qc8 8.
Ngf3 e6 9. Nh4 Bg4 10. Nhf3 Be7 11. Bd3 Bh5 12. O-O O-O 13. Rfe1 Bg6 14. Bxg6
hxg6 15. a4 Nh5 16. Bg5 Bd6 17. Qd1 Qc7 18. Qe2 Rfe8 19. Ne5 Nf6 20. Bf4 Nh5 21.
Bg5 Nf6 22. Bf4 Nd7 23. Bg3 Nf8 24. Qg4 Nxe5 25. dxe5 Be7 26. Nf3 Qc4 27. Qxc4
dxc4 28. Re4 Rac8 29. Nd2 Nd7 30. Rxc4 Rxc4 31. Nxc4 Nc5 32. a5 Rd8 33. Nd6 Bxd6
34. exd6 f6 35. b4 Ne4 36. c4 Nxg3 37. hxg3 Rxd6 38. c5 Rd4 39. b5 Rb4 40. b6
axb6 41. cxb6 e5 42. f3 Rb5 43. Rc1 Rxa5 44. Rc7 Rb5 45. Rxb7 f5 46. g4 fxg4 47.
fxg4 g5 48. Kf2 Kh7 49. Kf3 Rb4 50. g3 Kg6 51. Rb8 Kh7 52. b7 Kg6 53. Ke3 e4 54.
Kd2 Kf7 55. Ke3 Kg6 56. Ke2 Kf7 57. Kd2 Rb3 58. Kc2 Rb6 59. Kc3 e3 60. Kd3 Rb3+
61. Ke2 Kg6 62. Kf3 Kf7 63. Ke2 Kg6 64. Kf3 Kf7 65. Ke2 Kg6 66. Kf3 Kf7 67. Ke2 1/2-1/2

[Event "PRO League Group Stage"]
[Site "chess.com INT"]
[Date "2017.02.15"]
[Round "6"]
[White "Li, Ruifeng"]
[Black "Shankland, Samuel L"]
[Result "1/2-1/2"]
[WhiteTitle "IM"]
[BlackTitle "GM"]
[WhiteElo "2564"]
[BlackElo "2674"]
[WhiteTeam "Dallas Destiny"]
[BlackTeam "San Francisco Mechanics"]
[WhiteFideId "2061074"]
[BlackFideId "2004887"]
[EventDate "2017.01.11"]

1. e4 e6 2. d4 d5 3. Nc3 Nf6 4. e5 Nfd7 5. f4 c5 6. Nf3 Nc6 7. Be3 Be7 8. a3 O-O
9. dxc5 Nxc5 10. Be2 a6 11. O-O b5 12. Nd4 Bb7 13. Bf3 Rc8 14. Nce2 Ne4 15. Ng3
Nxd4 16. Bxd4 f5 17. exf6 Bxf6 18. Ne2 Bxd4+ 19. Nxd4 Rxf4 20. Nxe6 Qb6+ 21. Nd4
a5 22. c3 b4 23. axb4 axb4 24. Bxe4 Rxf1+ 25. Qxf1 dxe4 26. Qb5 Qxb5 27. Nxb5
bxc3 28. bxc3 Bc6 29. Nd4 Be8 30. Rc1 Ra8 31. Kf2 Ra2+ 32. Rc2 Ra1 33. Ke3 Bg6
34. Ne2 h6 35. c4 Kf8 36. c5 Ke7 37. Nf4 Bf5 38. c6 Kd6 39. c7 Ra3+ 40. Kd4 Ra4+
41. Ke3 Ra3+ 42. Kd4 Ra4+ 43. Ke3 Ra3+ 1/2-1/2

[Event "PRO League Group Stage"]
[Site "chess.com INT"]
[Date "2017.02.15"]
[Round "6"]
[White "Sai, Krishna G V"]
[Black "De Abreu, Roberto N"]
[Result "1/2-1/2"]
[WhiteTitle "FM"]
[BlackTitle "FM"]
[WhiteElo "2339"]
[BlackElo "2110"]
[WhiteTeam "Amaravati Yodhas"]
[BlackTeam "Johannesburg Koeksisters"]
[WhiteFideId "5028280"]
[BlackFideId "14307472"]
[EventDate "2017.01.11"]

1. Nc3 d5 2. e4 e6 3. d4 Bb4 4. Ne2 dxe4 5. a3 Bxc3+ 6. Nxc3 Nc6 7. Bb5 Ne7 8.
O-O O-O 9. Bxc6 Nxc6 10. d5 exd5 11. Qxd5 Be6 12. Qxe4 Qf6 13. Qf4 Nd4 14. Qxf6
gxf6 15. Bh6 Rfd8 16. Ne4 Bf5 17. Nxf6+ Kh8 18. Nh5 Rg8 19. Rad1 Ne2+ 20. Kh1
Rg6 21. Be3 Bg4 22. f3 Bxh5 23. Rf2 Re6 24. Rxe2 Kg8 25. Kg1 Rae8 26. Kf2 Bg6
27. Rde1 b6 28. Bf4 Rxe2+ 29. Rxe2 Rxe2+ 30. Kxe2 Bxc2 31. Bxc7 Kf8 32. Kd2 Bf5
33. Kc3 Ke7 34. Bb8 a6 35. Ba7 b5 36. Kb4 Kd6 37. Ka5 Bc8 38. Kb6 Kd5 39. Kc7
Be6 40. Kb7 a5 41. Kb6 b4 42. a4 Kc4 43. Kxa5 Bd7 44. Kb6 Bxa4 45. Kc7 Kd3 46.
Kd6 Ke2 47. Ke7 Kf1 48. g4 Bd1 49. Kxf7 Bxf3 50. g5 Kg2 51. h4 Kh3 52. Bf2 Kg4
53. Kg7 Be4 54. Kh6 Bg6 55. b3 Bc2 56. Be1 Kh3 57. Kh5 Bd1+ 58. Kh6 Bc2 59. Bf2
Kg4 60. h5 Bd3 61. Be3 Be4 62. Bd2 Bc2 63. g6 hxg6 64. hxg6 Bxb3 65. g7 Bf7 66.
Kh7 Ba2 67. Bxb4 Bb3 68. Kg6 Ba2 69. Kf6 Bb3 70. Ke5 Ba2 71. Kd4 Bb3 72. Ke5 Bg8
73. Kf6 Ba2 74. Ke7 Bb3 75. Kf6 Ba2 76. Ke7 Bb3 77. g8=Q+ Bxg8 78. Kf8 1/2-1/2

[Event "PRO League Group Stage"]
[Site "chess.com INT"]
[Date "2017.02.15"]
[Round "6"]
[White "Shankland, Samuel L"]
[Black "Holt, Conrad"]
[Result "1/2-1/2"]
[WhiteTitle "GM"]
[BlackTitle "GM"]
[WhiteElo "2674"]
[BlackElo "2567"]
[WhiteTeam "San Francisco Mechanics"]
[BlackTeam "Dallas Destiny"]
[WhiteFideId "2004887"]
[BlackFideId "2034387"]
[EventDate "2017.01.11"]

1. c4 c6 2. Nf3 d5 3. e3 Nf6 4. Nc3 Nbd7 5. d4 e6 6. Qc2 b6 7. Bd3 Bb7 8. O-O
Be7 9. b3 O-O 10. Bb2 g6 11. Rfd1 Qc7 12. Rac1 Rac8 13. Qe2 Rfd8 14. Bb1 a6 15.
Ne5 dxc4 16. bxc4 c5 17. Nxd7 Rxd7 18. d5 exd5 19. Nxd5 Nxd5 20. cxd5 Bxd5 21.
Qxa6 c4 22. Bd4 Bc5 23. Qb5 Qb7 24. f3 Bxd4 25. Rxd4 Rc5 26. Qb2 Qc6 27. Rc3
Bxf3 28. gxf3 Rb5 29. Be4 Rxd4 30. exd4 Qxe4 31. fxe4 Rxb2 32. Rxc4 Rxa2 33. d5
Rd2 34. Rb4 Kg7 35. h3 h5 36. Kf1 h4 37. Kg1 b5 38. Rxb5 Rd4 39. e5 g5 40. d6
Rd2 41. Rb7 Kg6 42. Re7 Rd3 43. d7 Rd2 44. Kf1 Kf5 45. Ke1 Rd5 46. Kf2 Rd3 47.
Ke2 Rd5 48. Ke3 Rd1 49. Kf3 Rd3+ 50. Ke2 Rd5 51. Ke3 Rd1 52. Ke2 Rd5 53. Kf3
Rd3+ 54. Kf2 Rd1 55. Ke2 Rd5 56. Kf2 1/2-1/2

[Event "PRO League Group Stage"]
[Site "chess.com INT"]
[Date "2017.02.15"]
[Round "6"]
[White "Shankland, Samuel L"]
[Black "Javakhadze, Zurab"]
[Result "1/2-1/2"]
[WhiteTitle "GM"]
[BlackTitle "IM"]
[WhiteElo "2674"]
[BlackElo "2468"]
[WhiteTeam "San Francisco Mechanics"]
[BlackTeam "Dallas Destiny"]
[WhiteFideId "2004887"]
[BlackFideId "13603647"]
[EventDate "2017.01.11"]

1. e4 c5 2. Nf3 d6 3. d4 cxd4 4. Nxd4 Nf6 5. Nc3 g6 6. Be3 Bg7 7. f3 a6 8. Qd2
Nbd7 9. Be2 b5 10. a4 b4 11. Na2 a5 12. c3 bxc3 13. Nxc3 Bb7 14. O-O O-O 15.
Rfc1 Nc5 16. Bc4 Nfd7 17. Qe2 Nb6 18. Ba2 Rc8 19. Qd1 Qd7 20. Ndb5 Nbxa4 21.
Nxa4 Qxb5 22. Bc4 Qc6 23. Nxc5 dxc5 24. Rxa5 Bxb2 25. Rb1 Bd4 26. Bxd4 cxd4 27.
Qxd4 Qxc4 28. Qxc4 Rxc4 29. Rxb7 Rc2 30. Raa7 Rd8 31. Rd7 Rxd7 32. Rxd7 1/2-1/2

[Event "PRO League Group Stage"]
[Site "chess.com INT"]
[Date "2017.02.15"]
[Round "6"]
[White "De Abreu, Roberto N"]
[Black "Chakravarthy, Y V K"]
[Result "1/2-1/2"]
[WhiteTitle "FM"]
[WhiteElo "2110"]
[BlackElo "2047"]
[WhiteTeam "Johannesburg Koeksisters"]
[BlackTeam "Amaravati Yodhas"]
[WhiteFideId "14307472"]
[BlackFideId "5029546"]
[EventDate "2017.01.11"]

1. d4 d5 2. c4 c6 3. Nf3 Nf6 4. Nc3 a6 5. a4 g6 6. g3 Bg7 7. Bg2 dxc4 8. O-O O-O
9. Ne5 Ng4 10. Nxg4 Bxg4 11. Be3 Be6 12. a5 Nd7 13. Ne4 Bd5 14. f3 e5 15. Nc5
Nxc5 16. dxc5 f5 17. Qa4 Qe7 18. Qb4 Rfd8 19. Rfd1 Rd7 20. Rd2 Rad8 21. Rad1 h6
22. Bf2 Kh7 23. Qb6 e4 24. fxe4 fxe4 25. Be3 c3 26. bxc3 Bxc3 27. Rc2 Bf6 28.
Rcd2 Bg5 29. Bxg5 Qxg5 30. Kh1 e3 31. Rd3 Bxg2+ 32. Kxg2 Rxd3 33. Rxd3 Rxd3 34.
Qxb7+ Kh8 35. exd3 Qd5+ 36. Kg1 Qxc5 37. Qc8+ Kg7 38. Qd7+ Kf6 39. Qd8+ Qe7 40.
Qd4+ Qe5 41. Qd8+ Kf7 42. Qd7+ Kf8 43. Qd8+ Kf7 44. Qd7+ Kf8 45. Qd8+ Kg7 46.
Qd7+ Kg8 47. Qd8+ Kf7 48. Qd7+ 1/2-1/2

[Event "PRO League Group Stage"]
[Site "chess.com INT"]
[Date "2017.02.15"]
[Round "6"]
[White "Roberson, Peter T"]
[Black "Burg, Twan"]
[Result "1/2-1/2"]
[WhiteTitle "IM"]
[BlackTitle "GM"]
[WhiteElo "2401"]
[BlackElo "2508"]
[WhiteTeam "London Towers"]
[BlackTeam "Hamburg Swashbucklers"]
[WhiteFideId "412384"]
[BlackFideId "1010697"]
[EventDate "2017.01.11"]

1. e4 c6 2. c4 d5 3. cxd5 cxd5 4. exd5 Nf6 5. Nc3 Nxd5 6. Nf3 Nc6 7. Bb5 e6 8.
O-O Be7 9. d4 O-O 10. Re1 Bf6 11. Ne4 Bd7 12. Bd3 Nce7 13. Ne5 Ng6 14. Nxf6+
Nxf6 15. Bg5 Rc8 16. Qf3 Bc6 17. Nxc6 Rxc6 18. Rad1 Qd5 19. Bxf6 Qxf3 20. gxf3
gxf6 21. d5 exd5 22. Bxg6 hxg6 23. Rxd5 Rc2 24. Rb5 b6 25. Re7 Rd8 26. Rxa7 Rdd2
27. Rxb6 Rxf2 28. Rb8+ Kg7 29. Rbb7 Rg2+ 30. Kf1 Rxh2 31. Rxf7+ Kg8 32. Rg7+ Kh8
33. Kg1 Rcg2+ 34. Kf1 Rxb2 35. Kg1 Rhc2 36. Rh7+ Kg8 37. Rhg7+ Kf8 38. Rgf7+ Ke8
39. Rae7+ Kd8 40. Rd7+ Kc8 41. Rd1 Rg2+ 42. Kh1 f5 43. Rc1+ Kd8 44. Rb1 Ke8 45.
Rxb2 Rxb2 46. Rf6 Rxa2 47. Rxg6 Rf2 48. Kg1 Rxf3 49. Kg2 Ra3 50. Rf6 Ra5 51. Kf3
Ke7 52. Rb6 Ra4 53. Rh6 Kf7 54. Rb6 Re4 55. Ra6 Kg7 56. Rb6 Kf7 57. Ra6 Rb4 58.
Rc6 Rg4 59. Ra6 Rg6 60. Rxg6 Kxg6 61. Kf4 Kf6 62. Kf3 Kg5 63. Kg3 Kh5 64. Kf4
Kg6 65. Kf3 Kf7 66. Kf4 Ke6 67. Kf3 Ke5 68. Ke3 Kd5 69. Kf4 Ke6 70. Kf3 Ke5 71.
Ke3 f4+ 72. Kf3 Kf5 73. Kf2 Kg6 74. Kf3 Kg5 75. Kf2 Kf6 76. Kf3 Kf5 77. Kf2 Ke6
78. Kf3 Ke5 79. Kf2 Ke4 80. Ke2 f3+ 81. Kf2 Kf4 82. Kf1 Kg5 83. Kf2 Kg4 84. Kf1
Kh3 85. Kf2 Kg4 86. Kf1 Kf4 87. Kf2 Ke4 88. Kf1 Kd3 89. Kf2 Ke4 90. Kf1 Ke3 91.
Ke1 Kf4 92. Kf2 Kg4 93. Kf1 1/2-1/2

[Event "PRO League Group Stage"]
[Site "chess.com INT"]
[Date "2017.02.15"]
[Round "6"]
[White "Stopa, Jacek"]
[Black "Naroditsky, Daniel"]
[Result "1/2-1/2"]
[WhiteTitle "GM"]
[BlackTitle "GM"]
[WhiteElo "2479"]
[BlackElo "2646"]
[WhiteTeam "Las Vegas Desert Rats"]
[BlackTeam "San Jose Hackers"]
[WhiteFideId "1119591"]
[BlackFideId "2026961"]
[EventDate "2017.01.11"]

1. d4 Nf6 2. Bg5 Ne4 3. Bf4 Nc6 4. f3 e5 5. dxe5 g5 6. Be3 Nc5 7. h4 gxh4 8. Nc3
Nxe5 9. Bd4 Qf6 10. e3 Qg7 11. f4 Qg3+ 12. Kd2 Ng4 13. Rh3 Qf2+ 14. Nge2 Rg8 15.
Rf3 h3 16. Rxh3 d5 17. Nxd5 Ne4+ 18. Kc1 Bd6 19. Nec3 Bf5 20. Nb5 O-O-O 21. Rf3
Qh4 22. Rh3 Qf2 23. Rf3 Qh4 24. Rh3 Qf2 25. Rf3 1/2-1/2

[Event "PRO League Group Stage"]
[Site "chess.com INT"]
[Date "2017.02.15"]
[Round "6"]
[White "Moussard, Jules"]
[Black "Blomqvist, Erik"]
[Result "1/2-1/2"]
[WhiteTitle "GM"]
[BlackTitle "GM"]
[WhiteElo "2576"]
[BlackElo "2574"]
[WhiteTeam "Marseille Migraines"]
[BlackTeam "Stockholm Snowballs"]
[WhiteFideId "642908"]
[BlackFideId "1709437"]
[EventDate "2017.01.11"]

1. b3 g6 2. Bb2 Nf6 3. Nf3 Bg7 4. g3 O-O 5. Bg2 d6 6. O-O e5 7. c4 c5 8. d3 Nc6
9. Nc3 h6 10. a3 Be6 11. Nd2 Rb8 12. b4 Qd7 13. bxc5 dxc5 14. Nde4 b6 15. Nxf6+
Bxf6 16. Nd5 Bg7 17. Qd2 Ne7 18. e4 Nc6 19. f4 Bxd5 20. cxd5 Nd4 21. Bxd4 exd4
22. e5 Rfe8 23. a4 f6 24. e6 Qd6 25. f5 g5 26. Qe2 Bf8 27. Qh5 Qc7 28. Rfe1 Qg7
29. Rab1 Bd6 30. Rb5 Kf8 31. Reb1 Ke7 32. a5 Bc7 33. d6+ Kxd6 34. axb6 Bxb6 35.
Ra1 g4 36. Re1 Qg5 37. Qxg5 hxg5 38. Rc1 a6 39. Rb2 Bc7 40. Ra2 a5 41. Be4 Rb4
42. Rac2 Bb6 43. Kg2 a4 44. h4 gxh3+ 45. Kxh3 Rh8+ 46. Kg4 Rh7 47. Ra1 Ke5 48.
Rac1 Kd6 49. Ra1 Ke5 50. Rac1 Kd6 1/2-1/2

[Event "PRO League Group Stage"]
[Site "chess.com INT"]
[Date "2017.02.15"]
[Round "6"]
[White "Moussard, Jules"]
[Black "Fridman, Daniel"]
[Result "1/2-1/2"]
[WhiteTitle "GM"]
[BlackTitle "GM"]
[WhiteElo "2576"]
[BlackElo "2594"]
[WhiteTeam "Marseille Migraines"]
[BlackTeam "Stockholm Snowballs"]
[WhiteFideId "642908"]
[BlackFideId "11600454"]
[EventDate "2017.01.11"]

1. Nf3 d5 2. g3 g6 3. Bg2 Bg7 4. d4 Nf6 5. O-O O-O 6. b3 c5 7. Bb2 Ne4 8. Nbd2
Nc6 9. e3 Qa5 10. Nxe4 dxe4 11. Ne5 Nxe5 12. dxe5 Rd8 13. Qe1 Qc7 14. Bxe4 Bh3
15. Bg2 Bxg2 16. Kxg2 Bxe5 17. Bxe5 Qxe5 18. Qe2 Qe4+ 19. f3 Qc6 20. Rad1 b5 21.
Rd2 Rxd2 22. Qxd2 a5 23. Rd1 a4 24. Qd5 Qxd5 25. Rxd5 axb3 26. axb3 Rc8 27. Kf2
e6 28. Rd7 c4 29. Rb7 Rd8 30. Ke1 cxb3 31. cxb3 Rd3 32. Rxb5 Rxe3+ 33. Kf2 Rc3
34. g4 h6 35. h4 Kf8 36. Rb7 g5 37. h5 Kg7 38. b4 Rb3 39. b5 Kf6 40. b6 Kg7 41.
Rb8 f5 42. Rb7+ Kf6 43. gxf5 exf5 44. Rh7 g4 45. fxg4 fxg4 46. Rxh6+ Kg5 47. Rd6 1/2-1/2

[Event "PRO League Group Stage"]
[Site "chess.com INT"]
[Date "2017.02.15"]
[Round "6"]
[White "Javakhadze, Zurab"]
[Black "Taghizadeh, Rayan"]
[Result "1/2-1/2"]
[WhiteTitle "IM"]
[BlackTitle "FM"]
[WhiteElo "2468"]
[BlackElo "2317"]
[WhiteTeam "Dallas Destiny"]
[BlackTeam "San Francisco Mechanics"]
[WhiteFideId "13603647"]
[BlackFideId "2054019"]
[EventDate "2017.01.11"]

1. Nf3 Nf6 2. g3 b6 3. Bg2 Bb7 4. O-O e6 5. c4 Be7 6. b3 O-O 7. Bb2 c5 8. e3 d5
9. Nc3 dxc4 10. bxc4 Nbd7 11. Qe2 Ne4 12. Rad1 Nxc3 13. Bxc3 Qc7 14. e4 e5 15.
Ne1 Bd6 16. Nc2 Nb8 17. Ne3 Nc6 18. Nd5 Qd7 19. d3 Nd4 20. Bxd4 cxd4 21. f4 Bxd5
22. fxe5 Bxe5 23. exd5 Rae8 24. Qf3 Bd6 25. Rde1 Rxe1 26. Rxe1 Re8 27. Re4 Rxe4
28. Qxe4 Qe7 29. Kf2 Qxe4 30. Bxe4 g6 31. Bg2 Kg7 32. Kf3 f5 33. h3 Kf6 34. g4 1/2-1/2

[Event "PRO League Group Stage"]
[Site "chess.com INT"]
[Date "2017.02.15"]
[Round "6"]
[White "Swapnil, S. Dhopade"]
[Black "Kantans, Toms"]
[Result "1/2-1/2"]
[WhiteTitle "GM"]
[BlackTitle "IM"]
[WhiteElo "2527"]
[BlackElo "2456"]
[WhiteTeam "Mumbai Movers"]
[BlackTeam "Riga Magicians"]
[WhiteFideId "5019184"]
[BlackFideId "11602945"]
[EventDate "2017.01.11"]

1. d4 Nf6 2. c4 g6 3. Nc3 d5 4. Nf3 Bg7 5. cxd5 Nxd5 6. Na4 O-O 7. e4 Nb6 8. Nc5
Bg4 9. Be3 Nc6 10. Nxb7 Qb8 11. Ba6 Bxf3 12. gxf3 Nb4 13. Nc5 Rd8 14. O-O Nxa6
15. Nxa6 Qc8 16. Qe2 Bxd4 17. Rac1 Qh3 18. Nxc7 Be5 19. f4 Bxc7 20. Rxc7 Qe6 21.
f3 Qxa2 22. Rxe7 Nc4 23. Bc1 Qb3 24. Kh1 a5 25. f5 a4 26. e5 Re8 27. Rxe8+ Rxe8
28. e6 Nd6 29. fxg6 hxg6 30. exf7+ Kxf7 31. Qg2 Qd3 32. Qh3 Nf5 33. Rg1 Kg7 34.
Qg4 Re6 35. Bd2 Qxd2 36. Qxf5 Rf6 37. Qe5 Qd3 38. Qe7+ Rf7 39. Qe5+ Rf6 40. Qe4
Qb3 41. Rg2 Qd1+ 42. Rg1 Qb3 43. Rg2 Qd1+ 44. Rg1 Qxf3+ 45. Qxf3 Rxf3 46. Rg4 a3
47. bxa3 Rxa3 48. Kg2 Kh6 49. Rg3 Ra2+ 50. Kg1 Kh5 51. Rh3+ Kg4 52. Rg3+ Kf5 53.
Rf3+ Kg4 1/2-1/2

[Event "PRO League Group Stage"]
[Site "chess.com INT"]
[Date "2017.02.15"]
[Round "6"]
[White "Dhulipalla, Bala Chandra Prasad"]
[Black "Pon, Matt"]
[Result "1/2-1/2"]
[BlackTitle "FM"]
[WhiteElo "2353"]
[BlackElo "2165"]
[WhiteTeam "Amaravati Yodhas"]
[BlackTeam "Johannesburg Koeksisters"]
[WhiteFideId "25005812"]
[BlackFideId "14301644"]
[EventDate "2017.01.11"]

1. d4 Nf6 2. Bf4 g6 3. e3 Bg7 4. Nf3 d6 5. Be2 Nbd7 6. h3 O-O 7. O-O b6 8. a4 a5
9. Nbd2 Bb7 10. Bh2 Re8 11. Bb5 c6 12. Be2 Rc8 13. c3 Bf8 14. Qb3 e6 15. e4 c5
16. e5 dxe5 17. dxe5 Ne4 18. Bb5 Nxd2 19. Nxd2 Qg5 20. Bg3 Red8 21. Nc4 Bd5 22.
Rfe1 Bg7 23. Bxd7 Rxd7 24. Qb5 Qd8 25. Bh4 Bxc4 26. Qxc4 Qc7 27. Bf6 Rd5 28.
Bxg7 Kxg7 29. Qf4 Qe7 30. h4 h5 31. Rad1 Rcd8 32. Rxd5 Rxd5 33. Kh2 Qd8 34. Re3
Rd3 35. Re2 Rd1 36. Re3 Rd2 37. Rf3 Qd7 38. b4 cxb4 39. cxb4 Rd4 40. Qf6+ Kg8
41. bxa5 bxa5 42. Rb3 Rb4 43. Ra3 Rxa4 44. Rc3 Rb4 45. g3 a4 46. Qf3 Qb7 47.
Qxb7 Rxb7 48. Rc8+ Kg7 49. Ra8 Rb4 50. Kg2 Re4 51. f4 Rb4 52. Kh3 Kh7 53. Kg2
Kg7 54. Kh3 Rc4 55. Kg2 Rb4 56. Kh3 1/2-1/2

[Event "PRO League Group Stage"]
[Site "chess.com INT"]
[Date "2017.02.15"]
[Round "6"]
[White "Mu, Joshua"]
[Black "Zapata, Alonso"]
[Result "1/2-1/2"]
[BlackTitle "GM"]
[WhiteElo "2203"]
[BlackElo "2418"]
[WhiteTeam "Carolina Cobras"]
[BlackTeam "Atlanta Kings"]
[WhiteFideId "2024420"]
[BlackFideId "4400011"]
[EventDate "2017.01.11"]

1. e4 c5 2. Nf3 e6 3. c3 d5 4. e5 Bd7 5. d4 Qb6 6. Bd3 Bb5 7. O-O Nc6 8. Na3
Bxd3 9. Qxd3 c4 10. Qe2 Bxa3 11. bxa3 Nge7 12. a4 Qa6 13. Qc2 Kf8 14. Ba3 Kg8
15. Rab1 h6 16. Rb5 b6 17. Rfb1 Ng6 18. g3 Rc8 19. Nd2 Rc7 20. f4 Nge7 21. Nf1
h5 22. Ne3 g6 23. Bd6 Rd7 24. a5 Nxa5 25. Qa4 Nec6 26. Nc2 Kg7 27. Nb4 Qc8 28.
Nxc6 Nxc6 29. Qc2 Qd8 30. a4 Rxd6 31. exd6 Qxd6 32. Qe2 h4 33. Kg2 hxg3 34. hxg3
Qa3 35. Qc2 Ne7 36. Qb2 Qxb2+ 37. R1xb2 Nc6 38. Rb1 Kf6 39. g4 g5 40. Rf1 gxf4
41. Rxf4+ Kg6 42. Rb1 Kg7 43. Rbf1 Rf8 44. Kg3 Ne7 45. a5 b5 46. a6 Nc6 47. Rb1
Rb8 48. Rbf1 Nd8 49. R4f2 Rb7 50. Rb2 Rb6 51. Rfb1 Rxa6 52. Rxb5 Ra3 53. Rc1 Nc6
54. Kf4 Na5 55. Ke5 Nb3 56. Rc2 Ra6 57. Rb7 Na5 58. Rc7 Nc6+ 59. Kf4 Rb6 60. Kg5
e5 61. Rf2 Nd8 62. Rxa7 exd4 63. cxd4 Rg6+ 64. Kh4 Rd6 65. g5 Kg6 66. Kg4 Rc6
67. Rd7 c3 68. Rxd8 c2 69. Rxc2 Rxc2 70. Rd6+ Kg7 71. Rxd5 Rf2 72. Rf5 Rd2 73.
Rf4 Rd3 74. Kf5 Kf8 75. Re4 Rf3+ 76. Rf4 Re3 77. Rf1 Ke7 78. Rd1 Rf3+ 79. Kg4
Rf2 80. d5 Kd6 81. Rd4 Rf1 82. Rf4 Rg1+ 83. Kf3 Kxd5 84. Rxf7 Ke6 85. Rg7 Kf5
86. Rg8 Rxg5 87. Rxg5+ Kxg5 1/2-1/2

[Event "PRO League Group Stage"]
[Site "chess.com INT"]
[Date "2017.02.15"]
[Round "6"]
[White "Tarjan, James E"]
[Black "Hua, David A"]
[Result "1/2-1/2"]
[WhiteTitle "GM"]
[WhiteElo "2406"]
[BlackElo "2285"]
[WhiteTeam "Portland Rain"]
[BlackTeam "Pittsburgh Pawngrabbers"]
[WhiteFideId "2000180"]
[BlackFideId "2030047"]
[EventDate "2017.01.11"]

1. c4 e6 2. g3 Nf6 3. Bg2 d5 4. Nf3 c5 5. O-O d4 6. e3 Nc6 7. exd4 cxd4 8. Re1
Bd6 9. d3 h6 10. a3 a5 11. Nbd2 O-O 12. Qc2 e5 13. c5 Bc7 14. Rb1 a4 15. b4 axb3
16. Rxb3 Ra5 17. Bb2 Re8 18. Rc1 Nd7 19. Ne4 f5 20. Qc4+ Kh7 21. Nh4 Nf6 22. Nd6
Bxd6 23. cxd6 Be6 24. Qc2 Bxb3 25. Qxb3 Qxd6 26. Nxf5 Qe6 27. Qxe6 Rxe6 28. Bh3
Re8 29. Nd6 Re7 30. Re1 Rd5 31. Ne4 Nxe4 32. Bf5+ g6 33. Bxe4 Rc5 34. Re2 Rc7
35. a4 Ra5 36. h4 Kg7 37. Rc2 Rxa4 38. Bc1 Rd7 39. Kg2 Ne7 40. Rc5 Ra2 41. Rxe5
Rc2 42. Bf4 h5 43. Re6 Rb2 44. Be5+ Kf7 45. Rf6+ Ke8 46. Re6 Kf7 47. Rf6+ Ke8
48. Re6 Kf7 49. Rf6+ Ke8 1/2-1/2

[Event "PRO League Group Stage"]
[Site "chess.com INT"]
[Date "2017.02.15"]
[Round "6"]
[White "Cornette, Matthieu"]
[Black "Adu, Oladapo"]
[Result "1/2-1/2"]
[WhiteTitle "GM"]
[BlackTitle "IM"]
[WhiteElo "2586"]
[BlackElo "2288"]
[WhiteTeam "Cannes Blockbusters"]
[BlackTeam "Abuja RockStars"]
[WhiteFideId "620084"]
[BlackFideId "8500258"]
[EventDate "2017.01.11"]

1. e4 d6 2. d4 g6 3. Nc3 Bg7 4. f4 c6 5. Nf3 Bg4 6. Be3 Qb6 7. Qd2 Nd7 8. O-O-O
Qa5 9. Kb1 b5 10. Bd3 Nb6 11. Rhf1 Nc4 12. Bxc4 bxc4 13. h3 Bxf3 14. Rxf3 Rb8
15. e5 Qb4 16. b3 f5 17. Qe1 d5 18. Bd2 cxb3 19. cxb3 Qxd4 20. Be3 Qb4 21. Bxa7
Ra8 22. Rd4 Qb7 23. Bc5 e6 24. Rb4 Qa6 25. Rb6 Qc8 26. Ne2 Bf8 27. Qb4 Bxc5 28.
Qxc5 Ne7 29. Nd4 Ra6 30. Rxa6 Qxa6 31. Nxe6 Qe2 32. Rf2 Qe1+ 33. Kb2 h6 34. Nc7+
Kf7 35. e6+ Kf8 36. Rc2 Qh4 37. Qd4 Rh7 38. Rc5 Qe1 39. Rc1 Qe2+ 40. Rc2 Qe1 41.
Qf6+ Kg8 42. Ne8 d4 43. Qxd4 Qxe6 44. Nf6+ Kg7 45. Nxh7+ Kxh7 46. Qe5 Qd7 47.
Qf6 h5 48. Re2 Nd5 49. Qf8 Qa7 50. Rd2 Qe3 51. Qf7+ Kh6 52. Rxd5 Qe2+ 53. Ka3
Qa6+ 54. Kb2 Qe2+ 55. Kc3 cxd5 56. Qxd5 Qxa2 57. Qg8 Qa1+ 58. Kc2 Qa2+ 59. Kd3
Qb1+ 60. Kd2 Qb2+ 61. Ke3 Qc3+ 62. Ke2 Qc2+ 63. Kf1 Qc1+ 64. Ke2 Qc2+ 1/2-1/2

[Event "PRO League Group Stage"]
[Site "chess.com INT"]
[Date "2017.02.15"]
[Round "6"]
[White "Fridman, Daniel"]
[Black "Bacrot, Alexandre"]
[Result "1/2-1/2"]
[WhiteTitle "GM"]
[WhiteElo "2594"]
[BlackElo "2099"]
[WhiteTeam "Stockholm Snowballs"]
[BlackTeam "Marseille Migraines"]
[WhiteFideId "11600454"]
[BlackFideId "26076837"]
[EventDate "2017.01.11"]

1. Nf3 d5 2. c4 c6 3. e3 Nf6 4. b3 Bf5 5. Bb2 e6 6. Nc3 Be7 7. Be2 Nbd7 8. O-O
h6 9. cxd5 cxd5 10. Rc1 a6 11. Nd4 Bh7 12. f4 O-O 13. d3 Bc5 14. Nb1 Bb6 15. Nd2
e5 16. fxe5 Nxe5 17. Nb1 Qd7 18. h3 Rfe8 19. Qd2 Nc6 20. Bf3 Nxd4 21. Bxd4 Bxd4
22. exd4 Re7 23. Nc3 Rae8 24. Na4 Qd6 25. Nc5 Qg3 26. Qf2 Qd6 27. Rfe1 b6 28.
Na4 Bxd3 29. Re5 Be4 30. Rxe7 Rxe7 31. Be2 b5 32. Nc5 Kh7 33. a4 Qb6 34. axb5
axb5 35. b4 Bg6 36. Ra1 Ne4 37. Qh4 Re8 38. Bf3 Nxc5 39. dxc5 Qe6 40. Qd4 Be4
41. Rf1 Bxf3 42. Rxf3 f6 43. Rd3 Qe1+ 44. Kh2 Qf1 45. Rd1 Qc4 46. Qxd5 Qf4+ 47.
Kh1 Qxb4 48. c6 Qe4 49. Qxb5 Rc8 50. Rc1 Rc7 51. Qb6 Qe5 52. Qb1+ Kh8 53. Qd3 f5
54. Qd8+ Kh7 55. Qd3 Qf4 56. Rc2 Qe5 57. Rc1 Rc8 58. Qc3 Qxc3 59. Rxc3 Rc7 60.
Kh2 Kg6 61. Kg3 Kf6 62. h4 g6 63. Kf4 g5+ 64. hxg5+ hxg5+ 65. Ke3 Ke6 66. Rc5
Rc8 67. Kd4 Rd8+ 68. Kc4 Rc8 69. Kb5 g4 70. g3 Kd6 71. Rxf5 Rb8+ 72. Kc4 Kxc6
73. Rg5 Ra8 74. Rg6+ Kd7 75. Kd5 Ra5+ 76. Ke4 Ke7 77. Kf4 Kf7 78. Rxg4 Ra4+ 79.
Kg5 Rxg4+ 80. Kxg4 Kg6 81. Kf4 Kf6 82. g4 Kg6 83. g5 Kf7 84. Kf5 Kg7 85. g6 Kg8
86. Kg5 Kg7 87. Kh5 Kg8 88. Kh6 Kh8 89. g7+ Kg8 90. Kg6 1/2-1/2